| 000 | 00000nas 2200000za 4500 |
|---|---|
| 001 | 9.854437 |
| 003 | CaOODSP |
| 005 | 20240219183501 |
| 007 | cr ||||||||||| |
| 008 | 180327c20159999onc x m o f0###|0eng|d |
| 040 | |aCaOODSP|beng |
| 043 | |an-cn--- |
| 086 | 1 |aD68-10E-PDF |
| 130 | 0 |aExternal literature (P) (Defence R&D Canada) |
| 245 | 10|aExternal literature (P) |h[electronic resource]. |
| 260 | |a[Ottawa] : |bDefence Research and Development Canada, |c2015?- |
| 310 | |aIrregular |
| 692 | 07|2gccst|aMilitary technology |
| 692 | 07|2gccst|aDefence industry |
| 710 | 2 |aDefence R&D Canada. |